000
00304nam a2200121Ia 4500
008
190216s9999||||xx |||||||||||||| ||und||
100
_a
Rajendra Pal
245
0
_a
Knowledge Bank In Geography
260
_b
Sulthan Chand&Sons
_c
1986
300
_a
132p
650
_a
Geography & History
942
_c
REF
999
_c
35746
_d
35746